000 00797nam a22002417a 4500
005 20251108172651.0
008 250721s2001 xx 000 0 ara d
020 _a9990600686
082 1 4 _a575.12/ريد
100 1 _aريدلي، مات
_eمؤلف
245 1 0 _aالجينوم :
_bالسيرة الذاتية للنوع البشري /
246 1 1 _aGENOME
264 1 _aالكويت :
_bالمجلس الوطني للثقافة والفنون والآداب،
_c2001.
300 _a389 ص.
490 0 _a( عالم المعرفة ؛ )
_v275
650 1 7 _aعلم الوراثه
650 1 7 _aالكود الوراثي
650 1 7 _aالهندسة الوراثية
650 1 7 _aالجينات
700 1 _aفهمي، مصطفى
_eمترجم
942 _2ddc
_cBK
999 _c85417
_d85417